000 01012nam a2200277Ia 4500
005 20241203104511.0
008 210716s1992 xx 000 0 und d
020 _a8121903835
040 _cAIMIT LIBRARY
041 _aeng
082 _a005.74
_21
_bLITG
100 _aLitton, Gerry M.
_947247
245 _aIntroduction to database management :
_bpractical approach /
_cBy Gerry M. Litton.
250 _a1st ed.
260 _aNew Delhi :
_bS Chand and Company Ltd. ,
_c1992 .
300 _axx, 532p. ;
_bPB
_c24 cm.
650 _aData storage devices and data formats
_947248
650 _aWorking with relational systems
_947249
650 _aData storage devices and data formats
_9187375
650 _aStandard file structures
_9187376
650 _aProgramming in the Database environment
_9187377
650 _aConceptual database design
_9187378
650 _aRelational database systems
_9187379
650 _aInformation protection and confidency
_9187380
942 _2ddc
_cBK
_e1st
_k005.74 LITG
999 _c182241
_d182241